000
00250nam a2200097Ia 4500
001
1195454
005
20250827021747.0
008
250824s9999 xx 000 0 und d
245
0
_a
LAST TRAİN TO İSTANBUL
_c
AYŞE KULİN
260
_b
EVEREST YAYINLARI
999
_c
1195454
_d
1195454